| 000 | 00951nam a22002057a 4500 | ||
|---|---|---|---|
| 003 | OSt | ||
| 005 | 20260204020800.0 | ||
| 008 | 260204b |||||||| |||| 00| 0 eng d | ||
| 020 | _a9780316114257 | ||
| 040 |
_aDWCL GS library _cOC |
||
| 082 | _aFic. C874h 2006 | ||
| 100 | _aCowell, Cressida | ||
| 245 |
_ahow to train your dragon _b: book 4 how to cheat a dragon's curse _cCressida Cowell |
||
| 260 |
_aNew York _bHachette Book Group _cc2006 |
||
| 300 |
_a241 _billustrations _c19cm |
||
| 520 | _aHiccup Horrendous Haddock III must save his best friend, Fishlegs, from the deadly disease "Vorpentitis" after a sting. To find the only cure, a rare potato, Hiccup must navigate dangerous, wintry landscapes, outwit the crazy Chief Norbert the Nutjob, and dodge lethal creatures like Sharkworms and Doomfangs. | ||
| 546 | _aEnglish | ||
| 700 | _aCressida Cowell | ||
| 942 |
_2ddc _cFIC. _hFic. C874h 2006 _n0 |
||
| 999 |
_c8241 _d8241 |
||